Halloween (mots et images) - Statistiques

Statistiques générales
  • Ce quiz a été pris 398 fois
    361 depuis la dernière actualisation
  • Le résultat moyen est 13 sur 14
Statistiques - réponses
Par images Réponse % Correct
citrouille
100%
fantôme
99%
chat noir
98%
cimetière/tombe
97%
momie
97%
squelette
97%
vampire/dracula
97%
araignée
96%
chauve-souris
96%
sorcière
96%
épouvantail
91%
costume/déguisement
90%
bonbons/friandises
89%
maison hantée
73%
Aucun quiz correspondant
Distribution des résultats
% des personnes avec chaque résultat
Percentile par nombre de réponses
Votre historique - résultats
Vous n’avez pas pris ce quiz depuis la dernière actualisation